Sports Quiz

Random Sports Quiz
Score 0/100 Timer 12:00
0 Plays Today
Goals Player Name % Correct
4Lionel Messi
97.9%
7Cristiano Ronaldo
97.7%
6Zlatan Ibrahimovic
88.9%
3Sergio Aguero
87.4%
2Wayne Rooney
85.1%
3Robert Lewandowski
83%
2Karim Benzema
81.6%
2Diego Costa
80.5%
3Franck Ribery
80%
1Mario Mandzukic
79.3%
2Arjen Robben
79.3%
1Robin Van Persie
77%
2Edinson Cavani
75.9%
1Yaya Toure
74.7%
2Olivier Giroud
72.3%
2Fernando Torres
70.7%
1Marco Reus
68.1%
1Gonzalo Higuain
66%
1Edin Dzeko
65.5%
1Thomas Muller
64.4%
2Steffan Kiessling
64.1%
1Mesut Ozil
63.8%
1Oscar
61.7%
1Aaron Ramsey
61.7%
2David Alaba
57.5%
1Luis Antonio Valencia
57.5%
1Sidney Sam
56.4%
1Isco
56.3%
1Eden Hazard
56.1%
1Hulk
55.3%
1Mario Balotelli
55.3%
2Angel Di Maria
53.3%
3Konstantinos Mitroglou
53.3%
2Didier Drogba
53.3%
Goals Player Name % Correct
1Mario Gotze
51.3%
1Frank Lampard
51.1%
3Simon Rolfes
49.4%
1Theo Walcott
48.9%
1Jackson Martinez
48.9%
2Tiago Motta
48.3%
2Arda Turan
46.8%
1Cesc Fabregas
46.8%
1Alvaro Negredo
46.7%
1Kevin Prince Boateng
44.7%
2Ramires
44.7%
1Wesley Sneijder
43.6%
1Bastian Schweinsteiger
43.6%
2Julian Draxler
42.6%
1Gerard Pique
42.6%
1Inigo Martinez
41%
1Fernando Llorente
38.5%
1Diego Godin
38.3%
1Jose Callejon
36.6%
1Lorenzo Insigne
36.2%
1Oscar Cardozo
35.9%
1Raul Garcia
34.1%
1Danny Welbeck
33.3%
1Arturo Vidal
33.3%
2Umut Bulut
32.2%
1Robinho
31.7%
1Carlos Vela
31.1%
2Fabio Quagliarella
31%
2Marquinhos
29.9%
1Mohamed Salah
29.8%
1Jordan Ayew
25.5%
1Miranda
25.5%
2Alex Teixeira
24.1%
1Marco Streller
23.4%
Goals Player Name % Correct
1Vladimir Weiss
23%
1Henrikh Mkhitaryan
22%
1Andre Ayew
22%
1James Forrest
22%
1Luisao
21.8%
1Omar Toprak
19.5%
1Alexandr Kerzhakov
19.5%
1Lasse Schone
19.5%
2Zoran Tosic
17.8%
1Lucho Gonzalez
14.9%
1Duvan Zapata
14.6%
1Nicolai Jorgensen
13.8%
1Keisuke Honda
13.3%
1Alejandro Dominguez
12.8%
1Atsuto Uchida
12.8%
1Filip Djuricic
12.6%
1Juan Camilo Zuniga
10.6%
1Leo Baptistao
10.6%
1Emilio Izaguirre
10.6%
1Felipe Melo
10.3%
1Beram Kayal
9.8%
1Taison
8.9%
1Sulley Ali Muntari
8.5%
1Stefano Denswil
6.4%
1Leandro Tatu
4.9%
1Claudemir de Souza
2.6%
1Marcelo Diaz
2.4%
1Jens Hegeler
2.2%
1Radim Reznik
2.2%
1Frantisek Rajtoral
2.2%
1Marek Bakos
2.2%
1Daniel Georgievski
2.1%
Remove Ads.
Support Sporcle.
Get the best of Sporcle when you Go Orange. This ad-free experience offers more features, more stats, and more fun while also helping to support Sporcle. Thank you for becoming a member.

You're not logged in!

Compare scores with friends on all Sporcle quizzes.
OR
Log In

Show Comments

Extras

Top Quizzes Today


Score Distribution

Your Account Isn't Verified!

In order to create a playlist on Sporcle, you need to verify the email address you used during registration. Go to your Sporcle Settings to finish the process.

Report this User

Report this user for behavior that violates our Community Guidelines.

Details: